Quizz So La Lune - Statistiques

Statistiques générales
  • Ce quiz a été pris 112 fois
  • Le résultat moyen est 8 sur 15
Statistiques - réponses
Question Réponse % Correct
Dans quels de ces albums on ne retrouve pas so la lune
80%
Lequel de ces sons ne figure pas dans l album "Tsuki" ? Le film
77%
Quelle est la cover du son "Berger"
68%
Quel est la cover de l ep Wilma ?
67%
Quel est le lieu présent sur la cover de "Fissure de vie" de So La Lune ? Lanzarotte
62%
Dans quelle son proviennent ces lyrics : "On va t'faire même si t'es stock comme obélix" ? Balade
59%
Lequel de ces ep est le plus vieux ?
57%
En quelle année est sortie l ep Orbite ? 2021
48%
Dans quel son proviennent ces lyrics : "Numéro 7, j'tourne à l'azote, j'suis l'genre de pirate qui coule un navire" ? L'averse
48%
Dans quel son proviennent ces lyrics : "mets deux ailes à un serpent ça reste une vipère" ? sport + metaux
48%
Combien de feat figurent dans l album Nouveau Produit ? 5
42%
Sur spotify quel est son 3eme son le plus écouté ? Tsukithèse
40%
Quel est le son le plus long de l album "L'enfant de la pluie" ? Suscpects
36%
Quel est le son le plus écoutés de Fissure de vie ? Fin heureuse
33%
Lequel de ces prods n a pas été composé par Vrsa Drip ? Outrône
26%
Aucun quiz correspondant
Distribution des résultats
% des personnes avec chaque résultat
Percentile par nombre de réponses
Votre historique - résultats
Vous n’avez pas pris ce quiz